00980nam a22002777a 450000500170000001000150001702000110003203500130004303700130005608200120006910000190008124500960010025000110019626000410020727000530024830000340030149000270033550500680036265000150043065000210044565000240046670000200049094200260051099900170053695201490055320100823114828.0 aENG-101307 c500.00 aEN-84840 bDBAD/PUB a347.052 aManohar916792 aThe AIR manual :bunrepealed central acts (civil and criminal) /cby Manohar [and] Chitaley a6th ed aNagpurbThe All India Reporterc2004 aPost Box No. 209, Congress NagarbNagpure440012 av.13 (viii,1204p.)c25cm (Hb) aAIR publication916793 aV.13- Constitution of India Article 228 to Article 311, Note 68 aLaw916794 aCivil law916795 aCriminal law916796 aChitaley916093 2ddccENh347.052mMAN c42952d42952 00103v.1340718NFICaDBADbDBADd2010-08-23eDBAD/PUBg500.00l0o347.052 MANpEN-84840r2010-08-23 00:00:00t1v500.00w2010-08-23yENzv.13